BIBLIOTECA

SENCICO

Ergonomia 1 (Registro nro. 1529)

Detalles MARC
000 -LEADER
fixed length control field 00740nam a2200265Ia 4500
005 - DATE AND TIME OF LATEST TRANSACTION
control field 20251020182514.0
008 - FIXED-LENGTH DATA ELEMENTS--GENERAL INFORMATION
fixed length control field 200515s9999 xx 000 0 und d
020 ## - INTERNATIONAL STANDARD BOOK NUMBER
International Standard Book Number 84-8301-315-0
082 ## - DEWEY DECIMAL CLASSIFICATION NUMBER
Classification number 658.3/M77/1
100 ## - MAIN ENTRY--PERSONAL NAME
Personal name Blasco, Joan
100 ## - MAIN ENTRY--PERSONAL NAME
Personal name Gregori, Enrique
100 ## - MAIN ENTRY--PERSONAL NAME
Personal name Mondelo, Pedro R.
245 #0 - TITLE STATEMENT
Title Ergonomia 1
250 ## - EDITION STATEMENT
Edition statement 3 ed.
260 ## - PUBLICATION, DISTRIBUTION, ETC.
Place of publication, distribution, etc. México, D.F.
260 ## - PUBLICATION, DISTRIBUTION, ETC.
Name of publisher, distributor, etc. Alfaomega
260 ## - PUBLICATION, DISTRIBUTION, ETC.
Date of publication, distribution, etc. 2000
300 ## - PHYSICAL DESCRIPTION
Extent 194 p.
300 ## - PHYSICAL DESCRIPTION
Other physical details il., tbl.
500 ## - GENERAL NOTE
General note Tomo I. 1 ejemplar
520 ## - SUMMARY, ETC.
Summary, etc. Ofrece una visión general de los aspectos básicos de la ergonomía. Está dividida en ocho capítulos, que abordan los temas de relaciones dimensionales.
650 ## - SUBJECT ADDED ENTRY--TOPICAL TERM
Topical term or geographic name entry element ERGONOMIA
942 ## - ADDED ENTRY ELEMENTS (KOHA)
Koha item type Libros
Existencias
Fecha de la última vez que lo usaron Pago total Signatura topográfica completa Código de barras Precio efectivo desde Tipo de documento Estado perdido Estado dañado No es para préstamo Retirado Ubicación permanente Ubicación actual Fecha de adquisición
15/05/2020   658.3/M77/1 Bib-Lima15051529 15/05/2020 Libros         Biblioteca Central Lima Biblioteca Central Lima 15/05/2020